| 000 | 00941nas a22002417a 4500 | ||
|---|---|---|---|
| 999 |
_c6571 _d6571 |
||
| 003 | OSt | ||
| 005 | 20200729125730.0 | ||
| 008 | 130704c1985 sp q|||| |||| 00| 0 spa d | ||
| 022 | _a0213-084X | ||
| 040 |
_cCDMR _bcat |
||
| 245 | 0 | 0 |
_aTelos _b: cuadernos de comunicación e innovación |
| 246 | 0 |
_aTelos _b: cuadernos de comunicación, tecnología y sociedad |
|
| 260 |
_aMadrid _bFundación Telefónica _c1985- |
||
| 300 | _av. | ||
| 310 | _aTrimestral | ||
| 362 | _aNúm. 1 (gen. 1985) - | ||
| 500 | _aEditor anterior FUNDESCO | ||
| 650 | 0 | 4 |
_93508 _aTecnologia de la informació _xAspectes socials _vRevistes |
| 710 | 2 |
_94583 _aFundación Telefónica |
|
| 856 | 4 | 0 |
_uhttp://dialnet.unirioja.es/servlet/revista?codigo=6769 _yDisponible en línia (Dialnet, 2004 - ) |
| 856 | 4 | 0 |
_uhttps://www.fundaciontelefonica.com/arte_cultura/publicaciones-listado/?fttq=temas&ftq=telos&ftt=42&tema=telos _yDisponible al Portal Web |
| 942 |
_2udc _cSER _s1 |
||